000 00256nam a2200097Ia 4500
008 241105s9999 xx 000 0 und d
041 _aeng
100 _aSen Riti
_9182595
245 _aGharta Senior Citizen Housing
260 _bFinal Year B. Arch, BNCA
_c2014
999 _c360886
_d360886